000 00576nam a2200193 a 4500
005 20240213063851.0
008 030410s2000 mx r 000 0 spa d
020 _a9508021152
035 _aUPN01000123728
049 _aCG
050 4 _aHQ763.5
_bB2.4
100 1 _aBarg, Liliana
_941532
245 1 3 _aLa intervención con familia :
_buna perspectiva desde el trabajo social /
_cLiliana Barg.
260 _aBuenos Aires :
_bEspacio,
_c2000.
300 _a142 p.
440 0 _aCiencias sociales.
_pNovedades
650 4 _aFamilias
_xAspectos sociales
_912049
905 _aLibro
999 _c95907
_d95907